| 000 | 00675nam a2200217Ia 4500 | ||
|---|---|---|---|
| 005 | 20260429111923.0 | ||
| 008 | 260429s9999||||xx |||||||||||||| ||und|| | ||
| 020 | _a9783662657607 | ||
| 041 | _aEnglish | ||
| 082 |
_a910.285 _bLAN |
||
| 100 | _aLange, De Norbert | ||
| 245 | 0 |
_aGeoinformatics in theory and practice : _ban integrated approach to geoinformation systems, remote sensing and digital image processing / _cDe Norbert Lange |
|
| 250 | _a1st ed. | ||
| 260 |
_aGermany : _bSpringer, _c2023. |
||
| 300 | _axvi, 519 p.; pbk | ||
| 650 | _a Digital image processing | ||
| 650 | _a GIS | ||
| 650 | _a Remote sensing | ||
| 650 | _aGeoinformatics | ||
| 942 | _cTB | ||
| 999 |
_c51431 _d51431 |
||